书目信息 |
| 题名: |
不等式与线性规划初步
|
|
| 作者: | 吴德风 著 | |
| 分册: | ||
| 出版信息: | 北京 科学普及出版社 1983 |
|
| 页数: | 180页 | |
| 开本: | 19cm | |
| 丛书名: | ||
| 单 册: | ||
| 中图分类: | O122.3 | |
| 科图分类: | ||
| 主题词: | 初等数学 | |
| 电子资源: | ||
| ISBN: | ||
| 000 | 00564nam0 2200205 45 | |
| 001 | 0405191723 | |
| 005 | 20040519171335.8 | |
| 010 | @dCNY0.56 | |
| 091 | @a13051.1343 | |
| 100 | @a20040519d1983 km y0chiy0120 ea | |
| 101 | 0 | @achi |
| 105 | @a z 000yy | |
| 200 | 1 | @a不等式与线性规划初步@ABu Deng Shi Yu Xian Xing Gui Hua Chu Bu@f吴德风著@FWu De Feng Zhu |
| 210 | @a北京@c科学普及出版社@d1983 | |
| 215 | @a180页@d19cm | |
| 606 | 0 | @a初等数学 |
| 690 | @aO122.3@v3 | |
| 701 | 0 | @a吴德风@4著 |
| 801 | @aCN@bPftUser@c20040519 | |
| 905 | @f2@b107572-573@dO122.3@e5 | |
| 不等式与线性规划初步/吴德风著.-北京:科学普及出版社,1983 |
| 180页;19cm |
| ISBN :CNY0.56 |
| ● |
| 相关链接 |
|
|
|
|
正题名:不等式与线性规划初步
索取号:O122.3/5
 
预约/预借
| 序号 | 登录号 | 条形码 | 馆藏地/架位号 | 状态 | 备注 |
| 1 | 0107572 | 001243675 | 第三借阅区/ [索取号:O122.3/5] | 在馆 | |
| 2 | 0107573 | 001243666 | 第三借阅区/ [索取号:O122.3/5] | 在馆 | |
| 3 | 0107574 | 202093153 | 第二样本阅览室/ [索取号:O122.3/5] | 在馆 |